| 000 | 00389nam a2200157Ia 4500 | ||
|---|---|---|---|
| 003 | LK-CoDNM | ||
| 008 | 010623t2009 xxu||||| |||| 00| 1 eng d | ||
| 040 |
_aLK-CoDNM _dLK-CoDNM _eLK-CoDNM |
||
| 041 | _aeng | ||
| 080 |
_a347 _bWEE |
||
| 100 | _aWeerasekara,P | ||
| 245 | _aCustoms Law Of Sri Lanka Vol.i | ||
| 260 |
_bAuthor _aRajagiriya _c2009 |
||
| 300 | _bxxv,502, 24 cm | ||
| 942 | _cBK | ||
| 999 |
_c128306 _d128306 |
||